00680nam a2200241 a 4500001001300000003000900013005001700022008004100039020001000080082001800090100002400108245001400132260003900146300000800185500003500193505002500228650001300253700002400266902000800290942000700298952011800305999001500423nice12345678IN_TiNIC20260116011753.0050524s1943 hyda grp 000 0 urd  ac10000a297.831bMAH1 aMahdavi, Gorey Mian aAl-Balagh aHyderabadbJamat Izhar-E-Haqc1943 a16p aincludes index and biblioraphy2 aFrom Persian Transl. aMahdavia1 aMahdavi, Gorey Mian bSRS cBK 001040708StackRoom-aHMIbHMId2007-06-29g100.00l0o297.831 MAH1p06411r2007-06-29v100.00w2005-05-24yBK c3836d3836